000 00704nam a2200241Ia 4500
003 OSt
005 20221005073231.0
006 a|||||r|||| 00| 0
007 ta
008 221004b |||||||| |||| 00| 0 eng d
024 _a59218
037 _cTextual
040 _aCRL
_cCRL
_beng
041 _2eng
_aeng
082 _aY72:4:5.2'N9, M9.1-.2
100 _aRaha Manish Kumar
_9301917
245 0 _aTribal India
_b Problem development prospect
260 _aNew Delhi
_bGyan
_c1989
650 _aSOCIOLOGY
700 _a Coomer Palash Chandre
_9607841
942 _hY72:4:5.2'N9, M9.1-.2
_cTEXL
_2cc
999 _c980785
_d980785